Things That Are Blue - Statistics

General Stats
  • This quiz has been taken 36 times
  • The average score is 7 of 13
Answer Stats
Hint Answer % Correct
This fruit has the color of the name Blueberry
87%
This planet is super blue Neptune
84%
This huge bodies of water Ocean
84%
This planet is on it's side Uranus
81%
The largest animal in the world Blue Whale
71%
Jeans are made of this fabric Denim
65%
Lilo's favorite pet Stitch
65%
September birth stone Sapphire
48%
A muppet that's this color Cookie Monster
39%
A bird in the Corvidae Blue jay
35%
Dory is this type of fish Blue Tang
13%
This color is a mix between blue and green Cyan
10%
This macaw is all blue Hyacinth
3%
No matching quizzes found
Score Distribution
Percent of People with Each Score
Percentile by Number Answered
Your Score History
You have not taken this quiz